000 00866cam a22002411 4500
001 ne 67000098
003 DLC
005 20260227111828.0
008 890502s1966 ua 000 0 ara
010 _ane 67000098
025 _aPL480:UAR-7733
035 _a(OCoLC)19645006
040 _aDLC
_cWaU
_dWaU
_dDLC
042 _apremarc
050 0 0 _aPJ6101
_b.I19 1966
100 2 _aIbn Hishām, ʻAbd Allāh ibn Yūsuf,
_d1309-1360.
245 1 0 _aQaṭr al-nadá wa-ball al-ḍadá,
_ctaʼlīf Ibn Hishām al-Anṣārī. Sharḥ wa-taʻlīq Ṭāhā Muḥammad al-Zaynī [wa-]Muḥammad ʻAbd al-Munʻim Khafājī.
260 _a[al-Qāhirah]
_bMuḥammad ʻAlī Ṣabīḥ
_c[1966]
300 _a2 v. in 1.
_c24 cm.
650 0 _aArabic language
_xGrammar.
700 1 _aZaynī, Tāhā Muḥammad,
_eed.
700 1 _aKhafājī, Muḥammad ʻAbd al-Munʻim,
_eed.
999 _c49313
_d49313